000 00323nam a22001337a 4500
008 170929b xxu||||| |||| 00| 0 eng d
020 _a2900205410599
041 _aeng
080 _a37
100 _a47
101 _aEDU
245 _aTEACHING LEARNERS OF ENGLISH IN MAINSTREAM CLASSROOMS
_cLEVINE, L.N
942 _2udc
_cBK
999 _c30661
_d30661